Normal view MARC view
  • Instituto Politécnico Nacional (México).

Entry Nombre Corporativo

Number of records used in: 5

001 - NÚMERO DE CONTROL

  • campo de control: 52154

003 - IDENTIFICADOR DE NUMERO DE CONTROL

  • campo de control: MX-MxUPN

005 - FECHA Y HORA DE LA ÜLTIMA TRANSACCIÓN

  • campo de control: 20240531123434.0

008 - DATOS DE LONGITUD FIJA

  • campo de control de longitud fija: 240531|| aca||aabn | a|a d

040 ## - FUENTE DE CATALOGACIÓN

  • Agencia original de catalogación: MX-MxUPN
  • Lenguaje de catalogación: spa
  • Agencia transcribe: MX-MxUPN

110 2# - ENCABEZAMIENTO - NOMBRE CORPORATIVO

  • Nombre corporativo o de jurisdicción como elemento de entrada : Instituto Politécnico Nacional (México).
  • Unidad subordinada: Escuela Superior de Comercio y Administración

670 ## - FUENTE EN LA QUE SE LOCALIZARON DATOS

  • Cita de la fuente : Autoridades LC, 31 mayo 2024:
  • Información localizada: (Instituto Politécnico Nacional (México). Escuela Superior de Comercio y Administración)

902 ## - CATALOGADOR

  • Catalogador: Víctor Ruiz/310524